• 首页
  • 本馆介绍
  • 公告通知
  • 最新文献
  • 馆藏检索
  • 电子资源
  • 读者导购
  • 参考咨询
  • 我的图书馆
  • 登录
  • 详细信息显示
  • 放入我的书架
  • 预约/预借图书
  • 作者相关作品
  • 分类相关作品
  • 丛书相关作品
  • 出版社相关作品

书目信息

  • 表格格式
  • 工作单格式
  • 卡片格式
题名:
中国文学史
    
 
作者: 董乃斌 , 钱理群 主编
分册:  
出版信息: 贵阳   贵州人民出版社  2004
页数: 382页
开本: 23cm
丛书名: 人文系列
单 册:
中图分类: I209-49
科图分类:
主题词: 文学史 , 文学史--中国
电子资源:
ISBN: 7-221-06542-X
000 00881oam2 2200277 450
001 002718031
005 20061106171117.75
010    @a7-221-06542-X@dCNY68.00
100    @a20040909d2004 em y0chiy0110 ea
101 0  @achi
102    @aCN@b520000
105    @aa z 000yy
200 1  @a中国文学史@9zhong guo wen xue shi@e彩色插图本@f董乃斌,钱理群主编
210    @a贵阳@c贵州人民出版社@d2004
215    @a382页@d23cm
225 2  @a人文系列
330    @a本书是一部从上古叙述到20世纪末的文学通史。文字精简、图片丰富。详细地阐述了中国文学的发展历程。
461  0 @12001 @a人文系列
510 1  @aIllustrated the History of Chinese Literature@zeng
606 0  @a文学史
606 0  @a文学史@y中国
690    @aI209-49@v4
701  0 @a董乃斌@9dong nai bin@4主编
701  0 @a钱理群@9qian li qun@f(1939.3~)@4主编
801  0 @aCN@bNLC@c20061106
905    @a10447@dI209-49@e243
    
    中国文学史:彩色插图本/董乃斌,钱理群主编.-贵阳:贵州人民出版社,2004
    382页;23cm.-(人文系列)
    
    
    ISBN 7-221-06542-X:CNY68.00
    本书是一部从上古叙述到20世纪末的文学通史。文字精简、图片丰富。详细地阐述了中国文学的发展历程。
●
相关链接 在E读中查询图书 在五车中查询图书 在当当中查询图书 在豆瓣中查询图书


正题名:中国文学史     索取号:I209-49/243         预约/预借

序号 登录号 条形码 馆藏地/架位号 状态 备注
1 0382055   203820552   第一样本阅览室/ [索取号:I209-49/243] 在馆    
2 0382056   203820561   第二借阅区/ [索取号:I209-49/243] 在馆    
3 0382057   203820570   第二借阅区/ [索取号:I209-49/243] 在馆    
4 0382058   203820589   第二借阅区/ [索取号:I209-49/243] 在馆    
5 0382059   203820598   第二借阅区/ [索取号:I209-49/243] 在馆    
唐山师范学院图书馆 欢迎您!
大连网信软件有限公司© 版权所有